000 00603cam a22002053a 4500
001 39221
003 PGUSA
005 20140828083854.0
008 120321s2012||||xxu|||||s|||||000 | eng d
040 _aPGUSA
_beng
042 _adc
100 1 _aMacgeorge, Andrew,
_d1810-1891
245 1 0 _aFlags :
_bSome Account of their History and Uses
_h[electronic resource] /
_cAndrew Macgeorge
260 _bProject Gutenberg,
_c2012
506 _aPublic domain in the USA.
516 _aElectronic text
830 0 _aProject Gutenberg
_v39221
856 4 0 _uhttp://www.gutenberg.org/ebooks/39221
942 _cEB
999 _c268474
_d268474